Nemčina pre profesijné účely ako nový trend vo výučbe odbornej nemčiny na vysokých školách ekonomického zamerania

Flexibilné reagovanie na potreby trhu práce a poskytnutie takej cudzojazyčnej prípravy študentom, ktorá by im umožnila efektívnu komunikáciu v cudzom jazyku na pracovisku. Nové trendy vo výučbe nemčiny ako cudzieho jazyka na univerzitnom stupni štúdia a príklon k výučbe nemčiny pre profesijné účely...

ver descrição completa

Na minha lista:
Detalhes bibliográficos
Autor principal: Paté, Magdaléna, 1980-
Formato: Capítulo de Livro
Idioma:eslovaco
Assuntos:
Tags: Adicionar Tag
Sem tags, seja o primeiro a adicionar uma tag!

MARC

LEADER 00000naa$a2200000$$$4500
001 0278857
005 20240502074329.6
041 0 |a slo 
044 |a SK 
245 1 0 |a Nemčina pre profesijné účely ako nový trend vo výučbe odbornej nemčiny na vysokých školách ekonomického zamerania  |c Magdaléna Paté 
520 |a Flexibilné reagovanie na potreby trhu práce a poskytnutie takej cudzojazyčnej prípravy študentom, ktorá by im umožnila efektívnu komunikáciu v cudzom jazyku na pracovisku. Nové trendy vo výučbe nemčiny ako cudzieho jazyka na univerzitnom stupni štúdia a príklon k výučbe nemčiny pre profesijné účely (Berufsdeutsch). Výučba zameraná na možnosť praktického využitia jazyka v pracovnom živote i na rozvoj komunikačných jazykových kompetencií. 
610 2 0 |a nemčina 
610 2 0 |a trh práce 
610 2 0 |a študenti 
610 2 0 |a vyučovanie 
610 2 0 |a didaktika 
100 1 |a Paté, Magdaléna, 1980-